| 000 | 01778nam a2200445Ii 4500 | ||
|---|---|---|---|
| 001 | DIGEDICNSB0172 | ||
| 003 | NyNyDIG | ||
| 007 | cr ||||||||||| | ||
| 008 | 221020s2015 sp o 00 00spa | ||
| 006 | m o d | ||
| 035 | _a(OCoLC)1379472573 | ||
| 040 |
_aDGITA _beng _erda _epn _cDGITA |
||
| 041 | 1 |
_aspa _heng |
|
| 043 | _ae-fr--- | ||
| 020 |
_a9788490690321 _qeBook |
||
| 020 | _z9788498723618 | ||
| 050 | 1 | 4 | _aBX4891.2 ebook |
| 100 | 1 |
_aO'Shea, Stephen, _eauthor. |
|
| 240 | 1 | 0 |
_aPerfect heresy. _lSpanish _s(Soler) |
| 245 | 1 | 4 |
_aLos cátaros : _bla herejía perfecta / _cStephen O'Shea ; traducción de Juan Soler. |
| 264 | 1 |
_aBarcelona (España) : _bEdiciones B, _c[2015] |
|
| 300 | _a1 online resource. | ||
| 336 |
_atext _btxt _2rdacontent |
||
| 337 |
_acomputer _bc _2rdamedia |
||
| 338 |
_aonline resource _bcr _2rdacarrier |
||
| 347 |
_atext file _2rdaft |
||
| 347 | _bEPUB | ||
| 500 | _a"Una crónica apasionante de uno de los episodios más vergonzosos de la historia de la iglesia en la edad media." | ||
| 588 | 0 | _aOnline resource; title from ePub title page (Digitalia, viewed October 20, 2022) | |
| 650 | 0 |
_aAlbigenses _zFrance _zLanguedoc _xHistory. |
|
| 651 | 0 |
_aLanguedoc (France) _xChurch history. |
|
| 700 | 1 |
_aSoler, Juan, _etranslator. |
|
| 700 | 1 |
_iTranslation of: _aO'Shea, Stephen. _tPerfect heresy. |
|
| 791 | 2 |
_aDigitalia (Firm), _edistributor. |
|
| 793 | 0 |
_gDigitalia eBook Collection: _aEdiciones B |
|
| 776 | 0 | 8 |
_iPrint version: _aO'Shea, Stephen. _sPerfect heresy. Spanish (Soler). _tCátaros. _b1a edición. _dBarcelona (España) : Ediciones B, [2015] _z9788498723618 |
| 856 | 4 | 0 |
_3Digitalia Hispánica _uhttps://www.digitaliapublishing.com/a/54109/ |
| 910 | _aPremium collection: 2022 | ||
| 942 | _cRAA | ||
| 999 |
_c253650 _d253650 |
||